000 01160cam a22003497a 4500
003 CHAP
005 20220329133205.0
008 971013s1978 r 00010 d
010 _a3180
011 _a4152
035 _a3354
040 _cCHAP
082 _a574.5
_bG61
100 0 0 _aGómez Orea, Domingo.
_949838
245 1 3 _aEl medio físico y la planificación
260 _aMadrid :
_bCentro Internacional de Formación en Ciencias Ambientales,
_c1978
300 _a2 v
490 0 _aCuadernos del CIFCA
_v; 10; 11
500 _aD48-242
590 _aBATCH-UPD
_b10
_c20130110
_lUCH01
_h0149
590 _aBATCH-UPD
_b10
_c20130110
_lUCH01
_h1904
590 _aBATCH-UPD
_b10
_c20130410
_lUCH01
_h1232
590 _aBATCH-UPD
_b10
_c20130914
_lUCH01
_h1109
590 _aCONVERSION
_b10
_c20130109
_lUCH01
_h1303
650 1 4 _aMedio ambiente
_xProtección.
_974106
650 1 4 _aRecursos naturales.
_995172
830 0 _aCuadernos del CIFCA
_v; 10; 11
_929829
901 _aBK
942 _cLIBRO
949 _a574.5 G61
_bBC
_cLIBRO
_d33724000428298
_eLIBRO
_fv.1
_h79891
_i3354
_si
949 _a574.5 G61
_bBC
_cLIBRO
_d33724000583977
_eLIBRO
_fv.2
_h79892
_i3354
_si
999 _c3180
_d3180